[Event "Indonesia Open 2013"]
[Site "Jakarta INA"]
[Date "2013.10.15"]
[Round "8.35"]
[White "Emperado, Emmanuel"]
[Black "Fernandez, Daniel Howard"]
[Result "0-1"]
[BlackTitle "IM"]
[WhiteElo "2297"]
[BlackElo "2389"]
[WhiteFideId "5209960"]
[BlackFideId "5801605"]
[EventDate "2013.10.10"]

1. e4 g6 2. d4 Bg7 3. Nf3 d6 4. c3 Nf6 5. Bd3 O-O 6. O-O c5 7. h3 Nc6 8. d5 Ne5
9. Nxe5 dxe5 10. c4 Ne8 11. Nc3 Nd6 12. a3 b6 13. Be3 Bd7 14. b4 Rc8 15. bxc5
bxc5 16. Qc2 h5 17. a4 Kh7 18. Bd2 a6 19. a5 Qc7 20. Na4 Bxa4 21. Rxa4 Rb8 22.
Raa1 Rb7 23. Bc3 Rfb8 24. Kh1 Kg8 25. Ra3 e6 26. f4 exd5 27. cxd5 c4 28. fxe5
cxd3 29. exd6 dxc2 30. dxc7 Rxc7 31. Bd2 Rb1 0-1

[Event "Indonesia Open 2013"]
[Site "Jakarta INA"]
[Date "2013.10.15"]
[Round "8.36"]
[White "Pham, Le Thao Nguyen"]
[Black "Sonjaya, Deni"]
[Result "0-1"]
[WhiteTitle "IM"]
[BlackTitle "FM"]
[WhiteElo "2389"]
[BlackElo "2265"]
[WhiteFideId "12401226"]
[BlackFideId "7101465"]
[EventDate "2013.10.10"]

1. d4 d6 2. Nf3 g6 3. Bf4 Bg7 4. e3 Nf6 5. h3 O-O 6. Be2 c5 7. c3 b6 8. O-O Bb7
9. Nbd2 Nc6 10. Bh2 Re8 11. Re1 Qd7 12. Bf1 Rad8 13. a4 Qc8 14. Qb3 h6 15. Qa2
d5 16. Rac1 Nd7 17. b4 e5 18. dxc5 bxc5 19. b5 Na5 20. Nb3 Nxb3 21. Qxb3 e4 22.
Nd2 c4 23. Qc2 Nc5 24. Ra1 Qd7 25. Red1 Qe7 26. Nb1 Nd3 27. Ra2 Rc8 28. Qd2 Qf6
29. Qe2 h5 30. Rc2 Bf8 31. Nd2 Qb6 32. Ra1 a6 33. bxa6 Bxa6 34. a5 Qc5 35. Qd1
Re7 36. Bg3 Rb7 37. Bh4 Bg7 38. Raa2 Ra8 39. g4 hxg4 40. Qxg4 Rba7 41. Qg5 Bb5
42. Bg3 Bc6 43. Bxd3 exd3 44. Rc1 Rxa5 45. Rxa5 Qxa5 46. Be5 d4 47. exd4 Qd5 48.
Kh2 Bh6 49. Qg3 Bxd2 50. Rg1 Bh6 51. h4 Qf3 0-1

[Event "Indonesia Open 2013"]
[Site "Jakarta INA"]
[Date "2013.10.15"]
[Round "8.37"]
[White "Wahono, Awam"]
[Black "Situru, Muhammad Ivan"]
[Result "1-0"]
[WhiteTitle "IM"]
[BlackTitle "IM"]
[WhiteElo "2376"]
[BlackElo "2290"]
[WhiteFideId "7100760"]
[BlackFideId "7100426"]
[EventDate "2013.10.10"]

1. e4 e5 2. Nc3 Bb4 3. g3 Bxc3 4. dxc3 Nf6 5. Bg2 O-O 6. Ne2 Nc6 7. O-O d6 8. h3
h6 9. c4 Ne7 10. b3 Be6 11. Nc3 Qd7 12. Kh2 Rad8 13. f4 Qc8 14. f5 Bd7 15. g4
Nh7 16. Rf3 Kh8 17. Rg3 f6 18. h4 Ng8 19. a4 a5 20. Qd2 b6 21. Ba3 Be8 22. Rg1
Bf7 23. Bf3 Rfe8 24. Qf2 c5 25. Rh3 Re7 26. g5 fxg5 27. hxg5 hxg5 28. Bc1 Nh6
29. Bxg5 Nxg5 30. Rxg5 Bg8 31. f6 1-0

[Event "Indonesia Open 2013"]
[Site "Jakarta INA"]
[Date "2013.10.15"]
[Round "8.38"]
[White "Ardiansyah, H"]
[Black "Surya, Wahyudi"]
[Result "1-0"]
[WhiteTitle "GM"]
[WhiteElo "2368"]
[BlackElo "2279"]
[WhiteFideId "7100027"]
[BlackFideId "7102542"]
[EventDate "2013.10.10"]

1. d4 Nf6 2. g3 e6 3. Bg2 c5 4. Nf3 cxd4 5. Nxd4 d5 6. c4 e5 7. Nc2 d4 8. f4 Bd6
9. O-O Nc6 10. fxe5 Bxe5 11. Bf4 Nd7 12. Nba3 Qb6 13. Bxc6 d3+ 14. e3 bxc6 15.
Qxd3 Nc5 16. Qe2 Nd7 17. Nd4 O-O 18. c5 Qxc5 19. Rac1 Qd5 20. Nxc6 Bf6 21. b4
Nb6 22. Be5 Bb7 23. Rc5 Qe6 24. Bxf6 Bxc6 25. Re5 Qd7 26. Bxg7 Kxg7 27. Rg5+ Kh8
28. Qb2+ f6 29. Rxf6 1-0

[Event "Indonesia Open 2013"]
[Site "Jakarta INA"]
[Date "2013.10.15"]
[Round "8.39"]
[White "Bilguun, Sumiya"]
[Black "Tran, Tuan Minh"]
[Result "1/2-1/2"]
[WhiteTitle "FM"]
[BlackTitle "FM"]
[WhiteElo "2284"]
[BlackElo "2344"]
[WhiteFideId "4901541"]
[BlackFideId "12401820"]
[EventDate "2013.10.10"]

1. e4 d6 2. d4 Nf6 3. Nc3 g6 4. Nf3 c6 5. Bd3 Bg7 6. O-O O-O 7. h3 Nbd7 8. Be3
e5 9. Qd2 Re8 10. dxe5 Nxe5 11. Nxe5 dxe5 12. Ne2 Be6 13. Ng3 Qc7 14. Bh6 Bh8
15. Qe2 Rad8 16. Rad1 b5 17. a4 a6 18. axb5 axb5 19. Ra1 Ra8 20. Be3 Nd7 21.
Rfc1 Bf6 22. Qe1 Be7 23. Rxa8 Rxa8 24. Ra1 Qb7 25. Ra5 Bd8 26. Rxa8 Qxa8 27. Qb4
Qb8 28. b3 Bc7 29. Nf5 gxf5 30. exf5 Bd5 31. Qg4+ Kh8 32. c4 bxc4 33. bxc4 e4
34. Bf1 Nf6 35. Qd1 Bh2+ 36. Kh1 Be5 37. cxd5 cxd5 38. Bd4 Kg7 39. Kg1 Bxd4 40.
Qxd4 Qd6 41. Be2 Kf8 42. g3 Ke7 43. Kg2 h6 44. Bd1 Kf8 45. Be2 Ne8 46. Bd1 Ke7
47. Bb3 Nf6 48. Bd1 h5 49. Be2 h4 50. g4 Nd7 51. Qe3 Ne5 52. Qg5+ Kd7 53. Qe3
Qb4 54. Qa7+ Kd6 55. Qa6+ Kc5 56. Qa7+ Qb6 57. Qa3+ Kc6 58. Qe7 Qb2 59. Qf6+ Kc5
60. Qe7+ Kb6 61. Qd8+ Kc5 62. Qe7+ Kc6 1/2-1/2

[Event "Indonesia Open 2013"]
[Site "Jakarta INA"]
[Date "2013.10.15"]
[Round "8.40"]
[White "Tirto"]
[Black "Davletbayeva, Madina"]
[Result "0-1"]
[WhiteTitle "IM"]
[BlackTitle "WIM"]
[WhiteElo "2328"]
[BlackElo "2259"]
[WhiteFideId "7101058"]
[BlackFideId "13703595"]
[EventDate "2013.10.10"]

1. e4 e5 2. f4 d5 3. exd5 exf4 4. Nf3 Nf6 5. Bc4 Bd6 6. Qe2+ Qe7 7. Qxe7+ Bxe7
8. d4 Bd6 9. Bb3 O-O 10. O-O a6 11. c4 c5 12. dxc6 Nxc6 13. c5 Bb8 14. Nc3 Bg4
15. d5 Bxf3 16. Rxf3 Nd4 17. Rxf4 Bxf4 18. Bxf4 Rac8 19. Be3 Nxb3 20. axb3 Rfe8
21. Bd4 Nxd5 22. Nxd5 Rcd8 23. Nc7 Re7 24. c6 bxc6 25. Bb6 Rd2 26. Nxa6 Ree2 27.
Nb4 h6 28. Kh1 Rxg2 29. Bg1 Rxb2 30. Nxc6 Rgd2 31. b4 Kh7 32. Rc1 f5 33. Nd4 f4
34. b5 Rd3 35. Rc7 Rd1 36. Rf7 Rf1 37. Nf5 Kg6 38. Rxg7+ Kxf5 39. b6 f3 40. b7
Kf6 0-1

[Event "Indonesia Open 2013"]
[Site "Jakarta INA"]
[Date "2013.10.15"]
[Round "8.42"]
[White "Bersamina, Paulo"]
[Black "Dewi, Aa Citra"]
[Result "1-0"]
[WhiteTitle "FM"]
[BlackTitle "WFM"]
[WhiteElo "2310"]
[BlackElo "2133"]
[WhiteFideId "5206995"]
[BlackFideId "7101244"]
[EventDate "2013.10.10"]

1. e4 c5 2. Nc3 Nc6 3. f4 g6 4. Nf3 Bg7 5. Bb5 Nd4 6. O-O Nxb5 7. Nxb5 d5 8.
exd5 a6 9. Nc3 Nf6 10. d4 Nxd5 11. dxc5 Nxc3 12. Qxd8+ Kxd8 13. bxc3 Bxc3 14.
Rb1 Kc7 15. Rb3 Bg7 16. Bd2 a5 17. Rfb1 a4 18. Rb5 Ra6 19. Kf2 Re8 20. a3 f6 21.
Ba5+ Kd7 22. Nd4 f5 23. Rxb7+ Bxb7 24. Rxb7+ Kc8 25. Rc7+ Kb8 26. Nc6+ Rxc6 27.
Rxc6 Bd4+ 28. Ke2 Rc8 29. Rb6+ Ka7 30. Rb4 Bxc5 31. Rxa4 Kb7 32. Bd2 Bg1 33.
Rb4+ Ka6 34. c4 e5 35. fxe5 Bxh2 36. Bc3 Re8 37. Bd4 Rd8 38. Kd3 Bg1 39. Rb6+
Ka5 40. Rd6 Rxd6 41. exd6 Bh2 42. d7 Bc7 43. Bf6 1-0

[Event "Indonesia Open 2013"]
[Site "Jakarta INA"]
[Date "2013.10.15"]
[Round "8.43"]
[White "Karavade, Eesha"]
[Black "Mahmud, Syarif"]
[Result "1-0"]
[WhiteTitle "IM"]
[BlackTitle "FM"]
[WhiteElo "2400"]
[BlackElo "2252"]
[WhiteFideId "5012600"]
[BlackFideId "7100108"]
[EventDate "2013.10.10"]

1. d4 Nf6 2. Nf3 g6 3. c4 Bg7 4. Nc3 O-O 5. e4 d6 6. h3 c5 7. d5 e6 8. Bd3 exd5
9. exd5 Re8+ 10. Be3 a6 11. O-O Nbd7 12. Qd2 Ne5 13. Nxe5 Rxe5 14. Bf4 Nh5 15.
Bxe5 Bxe5 16. Ne2 Qf6 17. Rab1 g5 18. b4 g4 19. f4 Bd4+ 20. Kh2 gxh3 21. gxh3
Qh4 22. Nxd4 Qg3+ 23. Kh1 Qxh3+ 24. Kg1 cxd4 25. Qg2+ Kh8 26. Rbe1 Bg4 27. Qxh3
Bxh3 28. Rf2 Rg8+ 29. Kh2 Rg3 30. Re8+ Kg7 31. Be2 Bd7 32. Bxh5 Rh3+ 33. Kg2
Rxh5 34. Re7 Bf5 35. c5 Rh3 36. cxd6 Kf6 37. Re5 Rh6 38. Rd2 d3 39. Rxd3 Bxd3
40. d7 Rg6+ 41. Kf2 Rg8 42. Re8 1-0

[Event "Indonesia Open 2013"]
[Site "Jakarta INA"]
[Date "2013.10.15"]
[Round "8.44"]
[White "Bachtiar, Ahmad Ina"]
[Black "Gunawan, Ronny"]
[Result "0-1"]
[BlackTitle "IM"]
[WhiteElo "2219"]
[BlackElo "2395"]
[WhiteFideId "7102682"]
[BlackFideId "7100035"]
[EventDate "2013.10.10"]

1. d4 e6 2. c4 d5 3. Nf3 c6 4. Nc3 f5 5. Bg5 Nf6 6. e3 Be7 7. Qb3 Nbd7 8. cxd5
exd5 9. Bd3 Ne4 10. Bf4 g5 11. Be5 Nxe5 12. Nxe5 Bd6 13. Bxe4 fxe4 14. O-O-O Qe7
15. f4 exf3 16. Nxf3 Bf5 17. Rde1 O-O-O 18. Nd2 Kb8 19. g3 Bb4 20. a3 Ba5 21.
Rhf1 Bg6 22. Na4 Rhf8 23. Nc5 Rxf1 24. Rxf1 Re8 25. Rf6 Bb6 26. Re6 Qf7 27. Rf6
Qg7 28. Qc3 Kc8 29. Rf2 Qe7 30. Nf1 Rf8 31. Qd2 Bxc5 32. dxc5 Qxc5+ 33. Kd1 Re8
34. Qc3 Qb5 35. Nd2 Qb6 36. Nf1 a5 37. g4 Qb5 38. Kd2 Qa4 39. Ng3 Qxg4 40. Qxa5
Qc4 41. Nf5 Kb8 42. Kd1 Bxf5 0-1

[Event "Indonesia Open 2013"]
[Site "Jakarta INA"]
[Date "2013.10.15"]
[Round "8.45"]
[White "Marentek, Hanny"]
[Black "Yoseph, Theolifus Taher"]
[Result "1-0"]
[WhiteTitle "FM"]
[WhiteElo "2208"]
[BlackElo "2345"]
[WhiteFideId "7100825"]
[BlackFideId "7105347"]
[EventDate "2013.10.10"]

1. d4 Nf6 2. c4 g6 3. Nc3 Bg7 4. e4 d6 5. f3 O-O 6. Be3 c5 7. Nge2 Nc6 8. dxc5
dxc5 9. Qxd8 Rxd8 10. Bxc5 Nd7 11. Ba3 Nde5 12. Ng3 Nd4 13. O-O-O e6 14. Nb5
Nec6 15. Nxd4 Bxd4 16. Kb1 Bd7 17. Be2 Be8 18. b3 h5 19. Rhe1 Rd7 20. Rd2 Rad8
21. Red1 h4 22. Nf1 f5 23. exf5 gxf5 24. c5 e5 25. Bc4+ Bf7 26. Ne3 Bxc4 27.
Nxc4 Kf7 28. b4 a6 29. Bb2 Ke6 30. a3 f4 31. h3 Rg7 32. Bxd4 Nxd4 33. Re1 Rg5
34. Kb2 Rd7 35. Re4 Nc6 36. Rxd7 Kxd7 37. Re2 Ke6 38. Rd2 Nd4 39. Na5 Rg7 40. a4
Nf5 41. Nc4 Ng3 42. Rd6+ Kf5 43. Rd5 Re7 44. Kc3 Kf6 45. Rd6+ Kf5 46. Rb6 e4 47.
Nd6+ Ke5 48. Nxe4 Nxe4+ 49. fxe4 Rg7 50. b5 axb5 51. axb5 Kxe4 52. Kc4 Ke5 53.
Rh6 Rxg2 54. Rxh4 f3 55. Rh8 Rg5 56. Rf8 Rf5 57. Rxf5+ Kxf5 58. Kd3 Kf4 59. c6
bxc6 60. b6 1-0

[Event "Indonesia Open 2013"]
[Site "Jakarta INA"]
[Date "2013.10.15"]
[Round "8.46"]
[White "Panggabean, Hasian"]
[Black "Nakhbayeva, Guliskhan"]
[Result "1-0"]
[BlackTitle "WGM"]
[WhiteElo "2190"]
[BlackElo "2307"]
[WhiteFideId "7101023"]
[BlackFideId "13704788"]
[EventDate "2013.10.10"]

1. d4 Nf6 2. Nf3 e6 3. c4 b6 4. g3 Bb7 5. Bg2 Be7 6. O-O O-O 7. Re1 Ne4 8. Qc2
d5 9. cxd5 exd5 10. Bf4 c5 11. Nc3 Nd7 12. Red1 Rc8 13. dxc5 Bxc5 14. Nd4 Qe7
15. Bxe4 dxe4 16. Nf5 Qe6 17. Nd6 Bxd6 18. Rxd6 Qh3 19. Qa4 Nf6 20. Rxf6 gxf6
21. Qxa7 Rc5 22. Qxb7 Rh5 23. g4 Qxg4+ 24. Bg3 f5 25. Nd5 Rh6 26. Nf4 Qg7 27.
Rb1 Rd8 28. Qe7 Rhd6 29. Kg2 h6 30. h3 R8d7 31. Qe8+ Kh7 32. Rc1 Rd8 33. Qb5 Qf6 1-0

[Event "Indonesia Open 2013"]
[Site "Jakarta INA"]
[Date "2013.10.15"]
[Round "8.48"]
[White "Hamdani, Rudin"]
[Black "Fauzan, M"]
[Result "1-0"]
[WhiteTitle "FM"]
[WhiteElo "2339"]
[BlackElo "2221"]
[WhiteFideId "7100213"]
[BlackFideId "7105142"]
[EventDate "2013.10.10"]

1. Nf3 Nf6 2. d4 d5 3. c4 c6 4. Nc3 g6 5. e3 Bg7 6. h3 O-O 7. Be2 a6 8. c5 Nbd7
9. a3 Qc7 10. b4 e5 11. Bb2 Re8 12. Qb3 exd4 13. Nxd4 Nf8 14. Na4 Ne4 15. Nb6
Rb8 16. Nxc8 Rbxc8 17. Nf3 f5 18. O-O f4 19. Bxg7 Kxg7 20. Rae1 Ne6 21. Bd3 N4g5
22. Nh2 h5 23. Qb2+ Kh6 24. h4 Nh7 25. e4 Qg7 26. Qc1 d4 27. g3 g5 28. Kh1 Rf8
29. e5 fxg3 30. fxg3 Rxf1+ 31. Bxf1 Qe7 32. Bc4 Kg7 33. Qd1 gxh4 34. gxh4 Nf4
35. Qxd4 Ng6 36. Rg1 Rd8 37. Qe4 Nf8 38. Nf3 Qd7 39. e6 Qe7 40. Ne5 Qf6 41. Nxg6
Nxg6 42. e7 1-0

[Event "Indonesia Open 2013"]
[Site "Jakarta INA"]
[Date "2013.10.15"]
[Round "8.49"]
[White "Manakova, Maria"]
[Black "Sucipto, Haryadi"]
[Result "1-0"]
[WhiteTitle "WGM"]
[WhiteElo "2320"]
[BlackElo "2219"]
[WhiteFideId "927007"]
[BlackFideId "7100779"]
[EventDate "2013.10.10"]

1. e4 c5 2. f4 Nc6 3. Nf3 e6 4. Bb5 Nf6 5. Bxc6 dxc6 6. Qe2 Be7 7. O-O O-O 8. d3
a5 9. a4 b5 10. Kh1 Nd7 11. Be3 Nb6 12. Qf2 Nxa4 13. b3 Nb6 14. Bxc5 Nd7 15.
Bxe7 Qxe7 16. Nc3 e5 17. Nh4 exf4 18. Qxf4 Qf6 19. Qxf6 Nxf6 20. Kg1 Be6 21. Nf5
Bxf5 22. Rxf5 Nd7 23. d4 f6 24. d5 Rfc8 25. dxc6 Rxc6 26. Nxb5 Rxc2 27. Nd4 Rd2
28. Nc6 Re2 29. Rd5 Ne5 30. Nxe5 fxe5 31. Rxe5 Rb8 32. Raxa5 Rxb3 33. Ra8+ Kf7
34. Rf5+ Ke6 35. Ra6+ Ke7 36. Ra7+ Ke6 37. Rxg7 Rxe4 38. Rh5 Re1+ 39. Kf2 Re4
40. h3 Kf6 41. Rhxh7 Kf5 42. g4+ 1-0

[Event "Indonesia Open 2013"]
[Site "Jakarta INA"]
[Date "2013.10.15"]
[Round "8.50"]
[White "Pitra, Andika"]
[Black "Tamin, Upi Darmayana"]
[Result "1/2-1/2"]
[WhiteTitle "FM"]
[BlackTitle "WIM"]
[WhiteElo "2276"]
[BlackElo "2151"]
[WhiteFideId "7103255"]
[BlackFideId "7100353"]
[EventDate "2013.10.10"]

1. e4 c5 2. Nf3 d6 3. d4 cxd4 4. Nxd4 Nf6 5. Nc3 a6 6. Rg1 e5 7. Nb3 Be6 8. g4
h6 9. h4 Nc6 10. g5 hxg5 11. Bxg5 Be7 12. Be2 b5 13. Bf3 Rc8 14. Nd5 Bxd5 15.
exd5 Na5 16. Qe2 Nc4 17. O-O-O a5 18. Kb1 a4 19. Nd2 Qc7 20. Nxc4 bxc4 21. c3 a3
22. bxa3 Qa5 23. Qc2 Qxa3 24. Bc1 Qa5 25. Rxg7 e4 26. Bg2 Nxd5 27. Bb2 Rb8 28.
Ka1 Bf6 29. Rxd5 Qxd5 30. Bxe4 Qb5 31. Rg4 Bxh4 32. Qd2 f5 33. Ba3 fxe4 34.
Rxe4+ Be7 35. Rxe7+ Kxe7 36. Qxd6+ Kf7 37. Qe7+ Kg6 38. Qe6+ Kh5 39. Qh3+ Kg6
40. Qe6+ Kh5 41. Qh3+ Kg5 42. Be7+ Kg6 43. Qe6+ 1/2-1/2

[Event "Indonesia Open 2013"]
[Site "Jakarta INA"]
[Date "2013.10.15"]
[Round "8.52"]
[White "Purba, Cornelis"]
[Black "Firdaus, Maksum"]
[Result "1/2-1/2"]
[BlackTitle "FM"]
[WhiteElo "2193"]
[BlackElo "2257"]
[WhiteFideId "7101740"]
[BlackFideId "7100833"]
[EventDate "2013.10.10"]

1. e4 e5 2. Nf3 Nc6 3. d4 exd4 4. Nxd4 Qh4 5. Nb5 Qxe4+ 6. Be2 Bb4+ 7. N1c3
Bxc3+ 8. bxc3 Kd8 9. O-O Nf6 10. Rb1 h6 11. Bf3 Qc4 12. Be3 Re8 13. Re1 Re6 14.
Rb3 a6 15. Na3 Qa4 16. c4 Na5 17. Rc3 d6 18. c5 Bd7 19. cxd6 cxd6 20. Bb6+ Ke7
21. Rd3 Qb4 22. Be3 Rc8 23. Bd2 Qa4 24. Qb1 Nc6 25. Qxb7 Rb8 26. Bxc6 Rxb7 27.
Bxa4 Bxa4 28. f3 Rb2 29. Rxe6+ fxe6 30. Rxd6 Rxa2 31. Rxa6 Bxc2 32. Ra7+ Kf8 33.
Bc3 Bd3 34. Nb5 Rc2 35. Bxf6 gxf6 36. Nd4 Rc1+ 37. Kf2 e5 38. Ne6+ Kg8 39. g4
Rc6 40. Ng7 Rc2+ 41. Kg3 Bf1 42. h3 Bd3 43. Nh5 Rc6 44. Kh4 Kf8 45. Ng3 Bg6 46.
Nf5 Rc3 47. Ra8+ Kf7 48. Ra7+ Kf8 49. Ra8+ Kf7 50. Ra7+ Kf8 51. Ra8+ Kf7 52.
Ra7+ Ke6 53. Re7+ Kd5 54. Kg3 Bxf5 55. gxf5 h5 56. Rd7+ Kc6 57. Re7 Kd5 58. Re6
h4+ 59. Kxh4 Rxf3 60. Rxf6 Ke4 61. Kg5 Rf1 62. Rf8 Rg1+ 63. Kh5 Kf4 64. f6 Kf5
65. f7 Rg7 66. Kh6 Kf6 67. h4 Rg6+ 68. Kh5 Rg7 69. Kh6 Rg6+ 70. Kh5 Rg7 71. Kh6
Rg6+ 72. Kh5 Rg7 1/2-1/2

[Event "Indonesia Open 2013"]
[Site "Jakarta INA"]
[Date "2013.10.15"]
[Round "8.53"]
[White "Lim, Kian Hwa"]
[Black "Azarya, Jodi Setyaki"]
[Result "0-1"]
[BlackTitle "CM"]
[WhiteElo "1902"]
[BlackElo "2126"]
[WhiteFideId "5700744"]
[BlackFideId "7101589"]
[EventDate "2013.10.10"]

1. e4 c5 2. Nc3 Nc6 3. g3 g6 4. Bg2 Bg7 5. d3 d6 6. Be3 Rb8 7. Qd2 b5 8. h3 e6
9. Nge2 Nd4 10. Nc1 Ne7 11. Nd1 b4 12. c3 bxc3 13. bxc3 Ndc6 14. Bh6 O-O 15.
Bxg7 Kxg7 16. Ne3 Ba6 17. f4 f6 18. h4 d5 19. Nb3 Qd6 20. h5 d4 21. Nc4 dxc3 22.
Qxc3 Bxc4 23. Qxc4 Rb4 24. Qc3 Nd4 25. Nxc5 Rc8 26. Rc1 Rb5 27. Qxd4 Qxd4 28.
Nxe6+ Kf7 29. Nxd4 Rxc1+ 30. Kd2 Rxh1 31. hxg6+ hxg6 32. Nxb5 Rh2 33. Nxa7 Rxg2+
34. Kc3 Rxa2 35. Nb5 Rg2 36. e5 fxe5 37. fxe5 Rxg3 38. Kc4 Rg1 39. Nd6+ Ke6 40.
d4 Rc1+ 41. Kd3 Kd5 0-1

[Event "Indonesia Open 2013"]
[Site "Jakarta INA"]
[Date "2013.10.15"]
[Round "8.54"]
[White "Capitelli, Paolo"]
[Black "Brokko, Margit"]
[Result "1-0"]
[BlackTitle "WFM"]
[WhiteElo "2089"]
[BlackElo "2073"]
[WhiteFideId "809330"]
[BlackFideId "4501098"]
[EventDate "2013.10.10"]

1. e4 d6 2. d4 Nf6 3. Nc3 g6 4. f4 Bg7 5. Nf3 O-O 6. Bd3 a6 7. O-O b5 8. e5 dxe5
9. dxe5 Nfd7 10. Be4 c6 11. Be3 Qc7 12. a4 b4 13. Ne2 Bb7 14. c3 c5 15. Bc2 Re8
16. Qe1 a5 17. Qh4 Nb6 18. Ng5 h6 19. e6 hxg5 20. exf7+ Kf8 21. Qh7 Kxf7 22.
Qxg6+ Kg8 23. fxg5 1-0

[Event "Indonesia Open 2013"]
[Site "Jakarta INA"]
[Date "2013.10.16"]
[Round "9.4"]
[White "Short, Nigel D"]
[Black "Paehtz, Elisabeth"]
[Result "1/2-1/2"]
[WhiteTitle "GM"]
[BlackTitle "IM"]
[WhiteElo "2684"]
[BlackElo "2440"]
[WhiteFideId "400025"]
[BlackFideId "4641833"]
[EventDate "2013.10.10"]

1. e4 e6 2. d4 d5 3. Nc3 Bb4 4. exd5 exd5 5. Bd3 Nc6 6. a3 Bxc3+ 7. bxc3 Nge7 8.
Rb1 b6 9. Qf3 Be6 10. Ne2 Qd7 11. Ng3 O-O-O 12. h3 g6 13. O-O h6 14. Re1 Kb7 15.
a4 Nc8 16. Ba3 Nd6 17. Qf6 Qe7 18. Qxe7 Nxe7 19. f3 Kc8 20. Kf2 Kd7 21. h4 Nef5
22. Nxf5 Nxf5 23. Bxf5 Bxf5 24. Re7+ Kc8 25. Rxf7 Bxc2 26. Ra1 a5 27. Bc1 h5 28.
Bf4 Rd7 29. Rf6 Rhh7 30. Ra2 Bf5 31. Ke3 Rhf7 32. Rxf7 Rxf7 33. Be5 Bd7 34. Kd2
Bf5 35. Kc1 Kd7 36. Re2 Bd3 37. Re1 Bf5 38. Kb2 Bd3 39. Kc1 Bf5 40. Re3 Kd8 41.
Kb2 Kd7 42. Kb3 Re7 43. Re1 Bd3 44. Rd1 Bf5 45. Rg1 Bd3 46. g4 hxg4 47. fxg4 Rf7
48. Rg2 Be4 49. Rh2 Rf1 50. h5 gxh5 51. gxh5 Rh1 52. Rxh1 Bxh1 53. h6 Be4 54. c4
dxc4+ 55. Kxc4 c6 56. Bf4 Kc8 57. Bg3 Kb7 58. Kc3 Ka6 59. Bc7 Kb7 60. Bd8 Ka6
61. Kd2 b5 62. axb5+ Kxb5 63. Kc3 a4 64. Be7 Bh7 65. Bc5 Bb1 1/2-1/2

[Event "Indonesia Open 2013"]
[Site "Jakarta INA"]
[Date "2013.10.16"]
[Round "9.5"]
[White "Ivanisevic, Ivan"]
[Black "Nguyen, Duc Hoa"]
[Result "0-1"]
[WhiteTitle "GM"]
[BlackTitle "IM"]
[WhiteElo "2632"]
[BlackElo "2486"]
[WhiteFideId "912417"]
[BlackFideId "12401358"]
[EventDate "2013.10.10"]

1. e4 c5 2. Nc3 d6 3. f4 Nc6 4. Nf3 e6 5. d4 cxd4 6. Nxd4 Qb6 7. Ndb5 Qd8 8. Be3
a6 9. Nd4 Nf6 10. Qf3 Qc7 11. O-O-O Be7 12. Rg1 O-O 13. g4 Nd7 14. g5 b5 15. f5
b4 16. Nce2 Nde5 17. Qh5 g6 18. Qh6 Re8 19. Rg3 Bf8 20. Qh4 exf5 21. exf5 Ne7
22. Rh3 h5 23. Ng3 Bg7 24. f6 Bxh3 25. Bxh3 Nd5 26. Bd2 Qc4 27. Kb1 Nc3+ 28.
Bxc3 bxc3 29. fxg7 Qb4 0-1

[Event "Indonesia Open 2013"]
[Site "Jakarta INA"]
[Date "2013.10.16"]
[Round "9.6"]
[White "Nguyen, Ngoc Truong Son"]
[Black "Ehlvest, Jaan"]
[Result "1/2-1/2"]
[WhiteTitle "GM"]
[BlackTitle "GM"]
[WhiteElo "2629"]
[BlackElo "2578"]
[WhiteFideId "12401110"]
[BlackFideId "4500016"]
[EventDate "2013.10.10"]

1. d4 Nf6 2. c4 e6 3. g3 d5 4. Bg2 Bb4+ 5. Bd2 Bd6 6. Nf3 c6 7. O-O Nbd7 8. Bc3
O-O 9. Nbd2 c5 10. dxc5 Nxc5 11. Rc1 a5 12. Qc2 Re8 13. Rfd1 b6 14. cxd5 exd5
15. Ng5 Be5 16. Bxd5 Qxd5 17. Nde4 Qxa2 18. Nxf6+ Bxf6 19. Bxf6 gxf6 20. Qxh7+
Kf8 21. Rd6 fxg5 22. Qh8+ Ke7 23. Qf6+ Kf8 24. Qh8+ Ke7 25. Qf6+ Kf8 26. Qh8+ 1/2-1/2

[Event "Indonesia Open 2013"]
[Site "Jakarta INA"]
[Date "2013.10.16"]
[Round "9.7"]
[White "Gupta, Abhijeet"]
[Black "Munkhgal, Gombosuren"]
[Result "1-0"]
[WhiteTitle "GM"]
[BlackTitle "IM"]
[WhiteElo "2593"]
[BlackElo "2400"]
[WhiteFideId "5010608"]
[BlackFideId "4901266"]
[EventDate "2013.10.10"]

1. d4 Nf6 2. c4 e6 3. Nf3 d5 4. Nc3 Bb4 5. Bg5 Nbd7 6. cxd5 exd5 7. Qc2 c5 8. a3
Bxc3+ 9. Qxc3 c4 10. Qe3+ Qe7 11. Qxe7+ Kxe7 12. Nd2 h6 13. Bh4 Nb6 14. f3 Re8
15. e4 dxe4 16. fxe4 g5 17. Bg3 Bg4 18. a4 Kd8 19. e5 Rc8 20. h3 Bh5 21. Kf2 c3
22. bxc3 Rxc3 23. Ra2 Nfd5 24. Ne4 Rc1 25. a5 Nc8 26. Rd2 Bg6 27. Nc5 b6 28.
Nb7+ Kc7 29. a6 Re6 30. Rg1 f5 31. exf6+ Nf4 32. Bxf4+ gxf4 33. f7 Rf6 34. Bd3
Rxg1 35. Rc2+ Kb8 36. Bxg6 Rxg2+ 37. Kxg2 Rxg6+ 38. Kf3 Rf6 39. Rc6 Rxf7 40.
Rxc8+ Kxc8 41. Nd6+ Kd7 42. Nxf7 Ke6 43. Ne5 Kd5 44. Kxf4 b5 45. Ke3 b4 46. Kd3
b3 47. Nc4 1-0

[Event "Indonesia Open 2013"]
[Site "Jakarta INA"]
[Date "2013.10.16"]
[Round "9.8"]
[White "Barbosa, Oliver"]
[Black "Stefanova, Antoaneta"]
[Result "1-0"]
[WhiteTitle "GM"]
[BlackTitle "GM"]
[WhiteElo "2567"]
[BlackElo "2496"]
[WhiteFideId "5201640"]
[BlackFideId "2902257"]
[EventDate "2013.10.10"]

1. d4 d5 2. Nf3 Nf6 3. c4 c6 4. e3 e6 5. b3 Nbd7 6. Bd3 Bb4+ 7. Nbd2 Bc3 8. Rb1
e5 9. Qc2 exd4 10. O-O Nc5 11. Ba3 Nxd3 12. Qxd3 Qa5 13. Bd6 dxc4 14. bxc4 Bf5
15. e4 O-O-O 16. c5 Bg6 17. Ne5 Rxd6 18. Nec4 Qxc5 19. Nb3 Qd5 20. Qh3+ Qe6 21.
Nxd6+ Kc7 22. Qg3 Qxd6 23. e5 Qd5 24. exf6+ Qd6 25. Rbd1 Bc2 26. Qxg7 Rd8 27.
Qxf7+ Rd7 28. Qe8 Qxf6 29. Nc5 Re7 30. Qa8 Kb6 31. Rc1 Rg7 32. Rxc2 Qg6 33. Rb1+
Kxc5 34. Rxc3+ dxc3 35. Qf8+ Kc4 36. Qf4+ Kc5 37. Qb4+ Kd5 38. Rd1+ Ke5 39. Qc5+ 1-0

[Event "Indonesia Open 2013"]
[Site "Jakarta INA"]
[Date "2013.10.16"]
[Round "9.9"]
[White "Cao, Sang"]
[Black "Salem, A.R. Saleh"]
[Result "1-0"]
[WhiteTitle "GM"]
[BlackTitle "GM"]
[WhiteElo "2485"]
[BlackElo "2567"]
[WhiteFideId "725056"]
[BlackFideId "9301348"]
[EventDate "2013.10.10"]

1. e4 c5 2. Nc3 g6 3. Nf3 Bg7 4. g3 Nc6 5. Bg2 d6 6. d3 e5 7. O-O Nge7 8. Be3
O-O 9. Qd2 Nd4 10. Nd5 Nxd5 11. exd5 Nf5 12. Rab1 a5 13. a4 Bd7 14. b3 b5 15.
axb5 Bxb5 16. Rfe1 Qc7 17. Qc1 Nxe3 18. Qxe3 a4 19. bxa4 Bxa4 20. c3 Rfe8 21.
Nd2 Reb8 22. h4 Bc2 23. Rxb8+ Qxb8 24. h5 Qf8 25. hxg6 hxg6 26. Nc4 Ra2 27. Qe2
f5 28. Ne3 Bb3 29. Qf3 Bh6 30. Rb1 c4 31. Bf1 Bg5 32. Nxc4 Bxc4 33. dxc4 e4 34.
Qd1 Rd2 35. Qa4 f4 36. gxf4 Bxf4 37. Qa7 e3 38. Rb8 Rxf2 39. Rxf8+ Kxf8 40. Bd3
Rf3 41. Qh7 Be5 42. Be2 Rg3+ 43. Kf1 Bg7 44. Qh4 Be5 45. c5 dxc5 46. d6 1-0